000 00553nam a2200229Ia 4500
003 OSt
005 20221005115423.0
006 a|||||r|||| 00| 0
007 ta
008 221004b |||||||| |||| 00| 0 kan d
024 _a60176
037 _cTextual
040 _aCRL
_cCRL
_bkan
041 _2kan
_akan
082 _aO33,3M96,1, H5
100 _aBandre Au.
_9626287
245 0 _aChakamaki
260 _c1945
650 _aKANNAD FICTION
942 _hO33,3M96,1, H5
_cTEXL
_2cc
999 _c1034768
_d1034768